[Event "RUS-chT Men Rapid 2019"]
[Site "Sochi"]
[Date "2019.10.19"]
[Round "9.6"]
[White "Khegay, Dmitriy"]
[Black "Lugovskoy, Maxim"]
[Result "0-1"]
[WhiteElo "2509"]
[BlackElo "2436"]
[Annotator "ChessBase"]
[PlyCount "54"]
[EventDate "2019.10.18"]
[EventType "swiss"]
[EventCountry "RUS"]
[SourceTitle "playchess.com"]
[Source "ChessBase"]
[SourceQuality "1"]
[TimeControl "900+10"]

1. e4 {[%emt 0:00:00]} e6 {[%emt 0:00:00]} 2. d4 {[%emt 0:00:00]} d5 {[%emt 0:00:00]} 3. Nd2 {[%emt 0:00:00]} Nf6 {[%emt 0:00:00]} 4. e5 {[%emt 0:00:05]} Nfd7 {[%emt 0:00:00]} 5. f4 {[%emt 0:00:17]} c5 {[%emt 0:00:00]} 6. c3 {[%emt 0:00:04]} Qb6 {[%emt 0:00:07]} 7. Ndf3 {[%emt 0:00:04]} Nc6 {[%emt 0:00:11]} 8. g3 {[%emt 0:00:03]} cxd4 {[%emt 0:00:04]} 9. cxd4 {[%emt 0:00:01]} f6 {[%emt 0:00:17]} 10. Bd3 {[%emt 0:00:30]} Be7 {[%emt 0:00:36]} 11. Kf1 {[%emt 0:00:42]} g5 {[%emt 0:01:35]} 12. exf6 {[%emt 0:00:34]} Nxf6 {[%emt 0:00:01]} 13. fxg5 {[%emt 0:00:33]} Ne4 {[%emt 0:00:01]} 14. Kg2 {[%emt 0:00:02]} e5 {[%emt 0:01:00]} 15. Bxe4 {[%emt 0:01:43]} dxe4 {[%emt 0:00:03]} 16. Nxe5 {[%emt 0:00:01]} Nxe5 {[%emt 0:00:33]} 17. dxe5 {[%emt 0:00:01]} O-O {[%emt 0:00:30]} 18. Qe2 {[%emt 0:00:23]} Bc5 {[%emt 0:01:03]} 19. Bf4 {[%emt 0:00:19]} Be6 {[%emt 0:00:26]} 20. h4 {[%emt 0:02:27]} Rad8 {[%emt 0:00:34]} 21. Nh3 {[%emt 0:00:22]} Rd3 {[%emt 0:01:46]} 22. b3 {[%emt 0:00:50]} Qc6 {[%emt 0:00:35]} 23. Rad1 {[%emt 0:04:00]} Rfd8 {[%emt 0:00:11]} 24. Nf2 {[%emt 0:04:18]} e3+ 25. Kh2 Rd2 {[%emt 0:00:45]} 26. Bxe3 {[%emt 0:01:26]} Rxe2 {[%emt 0:00:15]} 27. Rxd8+ {[%emt 0:00:01]} Kg7 {[%emt 0:00:07]} 0-1

[Event "RUS-chT Men Rapid 2019"]
[Site "Sochi"]
[Date "2019.10.19"]
[Round "9.7"]
[White "Vastrukhin, Oleg"]
[Black "Pogromsky, Mikhail"]
[Result "1/2-1/2"]
[WhiteElo "2428"]
[BlackElo "2411"]
[Annotator "NA"]
[PlyCount "39"]
[EventDate "2019.10.18"]
[EventType "swiss"]
[EventCountry "RUS"]
[SourceTitle "playchess.com"]
[Source "ChessBase"]
[SourceQuality "1"]
[TimeControl "900+10"]

1. g3 {[%emt 0:00:00]} Nf6 {[%emt 0:00:05]} 2. Bg2 {[%emt 0:00:00]} e6 {[%emt 0:00:28]} 3. Nf3 {[%emt 0:00:07]} b6 {[%emt 0:00:07]} 4. O-O {[%emt 0:00:05]} Bb7 {[%emt 0:00:01]} 5. d3 {[%emt 0:00:01]} d6 {[%emt 0:00:13]} 6. e4 {[%emt 0:00:18]} Be7 {[%emt 0:00:40]} 7. a4 {[%emt 0:00:21]} a6 {[%emt 0:00:10]} 8. e5 {[%emt 0:00:24]} dxe5 {[%emt 0:00:10]} 9. Nxe5 {[%emt 0:00:05]} Bxg2 {[%emt 0:00:08]} 10. Kxg2 {[%emt 0:00:01]} Qd5+ {[%emt 0:00:01]} 11. Qf3 {[%emt 0:00:08]} Qxf3+ {[%emt 0:00:04]} 12. Kxf3 {[%emt 0:00:04]} Nfd7 {[%emt 0:00:08]} 13. Nxd7 {[%emt 0:02:12]} Kxd7 {[%emt 0:00:56]} 14. Bd2 {[%emt 0:03:27]} Bf6 {[%emt 0:00:48]} 15. Bc3 {[%emt 0:00:01]} Bxc3 {[%emt 0:00:02]} 16. bxc3 {[%emt 0:01:09]} a5 {[%emt 0:00:36]} 17. Nd2 {[%emt 0:00:05]} Na6 {[%emt 0:00:07]} 18. Nb3 {[%emt 0:00:35]} e5 {[%emt 0:00:25]} 19. Rae1 {[%emt 0:01:47]} Rae8 {[%emt 0:00:55]} 20. h4 {[%emt 0:00:17]} 1/2-1/2

[Event "RUS-chT Men Rapid 2019"]
[Site "Sochi"]
[Date "2019.10.19"]
[Round "9.8"]
[White "Ozgibcev, Anatoly"]
[Black "Utnasunov, Alexander"]
[Result "1/2-1/2"]
[WhiteElo "2367"]
[BlackElo "2442"]
[Annotator "NA"]
[PlyCount "58"]
[EventDate "2019.10.18"]
[EventType "swiss"]
[EventCountry "RUS"]
[SourceTitle "playchess.com"]
[Source "ChessBase"]
[SourceQuality "1"]
[TimeControl "900+10"]

1. e4 {[%emt 0:00:00]} c5 {[%emt 0:00:00]} 2. c3 {[%emt 0:00:00]} Nf6 {[%emt 0:00:00]} 3. e5 {[%emt 0:00:00]} Nd5 {[%emt 0:00:00]} 4. d4 {[%emt 0:00:00]} cxd4 {[%emt 0:00:00]} 5. Nf3 {[%emt 0:00:00]} Nc6 {[%emt 0:00:02]} 6. Bc4 {[%emt 0:00:00]} Nb6 {[%emt 0:00:03]} 7. Bb3 {[%emt 0:00:00]} d5 {[%emt 0:00:02]} 8. exd6 {[%emt 0:00:06]} Qxd6 {[%emt 0:00:02]} 9. O-O {[%emt 0:00:05]} Be6 {[%emt 0:00:07]} 10. Bxe6 {[%emt 0:00:02]} Qxe6 {[%emt 0:00:01]} 11. Nxd4 {[%emt 0:00:01]} Nxd4 {[%emt 0:00:06]} 12. Qxd4 {[%emt 0:00:01]} Rd8 {[%emt 0:00:03]} 13. Qh4 {[%emt 0:00:04]} Qe2 {[%emt 0:00:08]} 14. Bd2 {[%emt 0:00:18]} Rxd2 {[%emt 0:01:50]} 15. Nxd2 {[%emt 0:00:03]} Qxd2 {[%emt 0:00:01]} 16. Rfd1 {[%emt 0:00:02]} Qh6 {[%emt 0:00:01]} 17. Qg3 {[%emt 0:00:39]} Qc6 {[%emt 0:02:22]} 18. Rd4 {[%emt 0:01:21]} f6 {[%emt 0:00:55]} 19. Qb8+ {[%emt 0:00:25]} Nc8 {[%emt 0:00:54]} 20. Rad1 {[%emt 0:00:25]} Kf7 {[%emt 0:00:04]} 21. Rd8 {[%emt 0:00:33]} Nd6 {[%emt 0:00:01]} 22. Qxa7 {[%emt 0:00:11]} h5 {[%emt 0:01:30]} 23. Qa3 {[%emt 0:00:44]} h4 {[%emt 0:02:15]} 24. Rd4 {[%emt 0:05:41]} h3 {[%emt 0:00:29]} 25. gxh3 {[%emt 0:00:50]} Rh5 {[%emt 0:01:41]} 26. Qa8 {[%emt 0:00:59]} Rg5+ {[%emt 0:00:20]} 27. Rg4 {[%emt 0:00:17]} Re5 {[%emt 0:00:01]} 28. Rxf8+ {[%emt 0:00:20]} Ke6 {[%emt 0:00:01]} 29. Kf1 {[%emt 0:00:28]} Qh1+ {[%emt 0:02:59]} 1/2-1/2

[Event "RUS-chT Men Rapid 2019"]
[Site "Sochi"]
[Date "2019.10.19"]
[Round "9.9"]
[White "Timofeev, Artyom"]
[Black "Bocharov, Dmitry"]
[Result "1/2-1/2"]
[WhiteElo "2595"]
[BlackElo "2519"]
[Annotator "ChessBase"]
[PlyCount "36"]
[EventDate "2019.10.18"]
[EventType "swiss"]
[EventCountry "RUS"]
[SourceTitle "playchess.com"]
[Source "ChessBase"]
[SourceQuality "1"]
[TimeControl "900+10"]

1. c4 {[%emt 0:00:00]} c5 {[%emt 0:00:00]} 2. Nc3 {[%emt 0:00:10]} g6 {[%emt 0:00:00]} 3. g3 {[%emt 0:00:03]} Bg7 {[%emt 0:00:00]} 4. Bg2 {[%emt 0:00:04]} Nc6 {[%emt 0:00:01]} 5. e3 {[%emt 0:00:04]} e6 {[%emt 0:00:42]} 6. Nge2 {[%emt 0:00:05]} Nge7 {[%emt 0:00:02]} 7. O-O {[%emt 0:00:07]} O-O {[%emt 0:00:04]} 8. d4 {[%emt 0:00:04]} cxd4 {[%emt 0:00:04]} 9. Nxd4 {[%emt 0:01:25]} Nxd4 {[%emt 0:00:12]} 10. exd4 {[%emt 0:00:04]} d5 {[%emt 0:00:02]} 11. cxd5 {[%emt 0:00:04]} Nxd5 {[%emt 0:00:03]} 12. Nxd5 {[%emt 0:00:05]} exd5 {[%emt 0:00:02]} 13. Qb3 {[%emt 0:02:06]} Be6 {[%emt 0:00:07]} 14. Be3 {[%emt 0:00:19]} Qd7 {[%emt 0:00:07]} 15. Rac1 {[%emt 0:00:06]} Rac8 {[%emt 0:00:20]} 16. h4 {[%emt 0:00:46]} h5 {[%emt 0:00:16]} 17. Qb4 {[%emt 0:00:19]} b6 {[%emt 0:01:00]} 18. b3 {[%emt 0:00:05]} Rfe8 {[%emt 0:01:18]} 1/2-1/2

[Event "RUS-chT Men Rapid 2019"]
[Site "Sochi"]
[Date "2019.10.19"]
[Round "9.10"]
[White "Yuffa, Daniil"]
[Black "Iljin, Artem"]
[Result "1/2-1/2"]
[WhiteElo "2577"]
[BlackElo "2509"]
[Annotator "ChessBase"]
[PlyCount "51"]
[EventDate "2019.10.18"]
[EventType "swiss"]
[EventCountry "RUS"]
[SourceTitle "playchess.com"]
[Source "ChessBase"]
[SourceQuality "1"]
[TimeControl "900+10"]

1. d4 {[%emt 0:00:00]} d5 {[%emt 0:00:00]} 2. c4 {[%emt 0:00:00]} e6 {[%emt 0:00:00]} 3. Nf3 {[%emt 0:00:00]} Nf6 {[%emt 0:00:00]} 4. g3 {[%emt 0:00:00]} Be7 {[%emt 0:00:02]} 5. Bg2 {[%emt 0:00:00]} O-O {[%emt 0:00:03]} 6. O-O {[%emt 0:00:04]} dxc4 {[%emt 0:00:11]} 7. Qc2 {[%emt 0:00:01]} c6 {[%emt 0:00:05]} 8. a4 {[%emt 0:00:53]} b6 {[%emt 0:00:07]} 9. Nbd2 {[%emt 0:02:28]} Bb7 {[%emt 0:00:17]} 10. Nxc4 {[%emt 0:00:10]} Nbd7 {[%emt 0:02:45]} 11. Nfe5 {[%emt 0:01:40]} Qc8 {[%emt 0:00:37]} 12. Nxd7 {[%emt 0:00:50]} Nxd7 {[%emt 0:00:21]} 13. Rd1 {[%emt 0:00:36]} c5 {[%emt 0:00:37]} 14. d5 {[%emt 0:01:06]} exd5 {[%emt 0:00:30]} 15. Bxd5 {[%emt 0:00:02]} Bxd5 {[%emt 0:03:07]} 16. Rxd5 {[%emt 0:00:01]} Nf6 {[%emt 0:00:01]} 17. Re5 {[%emt 0:01:20]} Re8 {[%emt 0:00:48]} 18. Bg5 {[%emt 0:00:03]} Qh3 {[%emt 0:00:46]} 19. Bxf6 {[%emt 0:01:44]} Bxf6 {[%emt 0:00:02]} 20. Rxe8+ {[%emt 0:00:12]} Rxe8 {[%emt 0:00:01]} 21. Rd1 {[%emt 0:00:50]} h5 {[%emt 0:00:43]} 22. Nd6 {[%emt 0:01:10]} Rd8 {[%emt 0:03:28]} 23. Nc4 {[%emt 0:00:12]} Re8 {[%emt 0:00:40]} 24. Nd6 {[%emt 0:01:17]} Rd8 {[%emt 0:00:01]} 25. Nc4 {[%emt 0:00:08]} Re8 {[%emt 0:00:02]} 26. Nd6 {[%emt 0:00:02]} 1/2-1/2

[Event "RUS-chT Men Rapid 2019"]
[Site "Sochi"]
[Date "2019.10.19"]
[Round "9.11"]
[White "Faizrakhmanov, Ramil"]
[Black "Morozevich, Alexander"]
[Result "0-1"]
[WhiteElo "2434"]
[BlackElo "2659"]
[Annotator "TA"]
[PlyCount "78"]
[EventDate "2019.10.18"]
[EventType "swiss"]
[EventCountry "RUS"]
[SourceTitle "playchess.com"]
[Source "ChessBase"]
[SourceQuality "1"]

{[%evp 12,78,18,0,2,-26,-21,-9,-8,-32,0,-56,-34,-92,-75,-91,-93,-124,-103,-82,-51,-74,-59,-108,-77,-93,-45,-47,-51,-63,-55,-56,-30,-37,-21,-27,-34,-32,-24,-44,-11,-73,-50,-72,-72,-247,-256,-208,-196,-317,-281,-506,-483,-532,-525,-911,-936,-933,-920,-912,-921,-856,-907,-29992,-29993,-29993,-29994,-29994,-29995]} 1. d4 e6 2. Nf3 c5 3. e3 Nf6 4. c4 d5 5. Nc3 a6 6. cxd5 exd5 7. Be2 c4 {D40: Queen's Gambit Declined: Semi-Tarrasch with 5 e3} 8. a4 Nc6 {[%cal Bb8c6,Bc6a5,Ba5b3][%mdl 32]} 9. O-O Na5 {The position is equal.} 10. Ne5 $146 ({Predecessor:} 10. Nd2 Bb4 11. e4 O-O 12. Nxd5 Nxd5 13. exd5 b5 14. axb5 axb5 15. Ne4 {0-1 (33) Firouzja,A (2481)-Edouard,R (2639) Guilan 2016}) 10... Bb4 11. Bf3 (11. e4 $11) 11... O-O $15 12. Qc2 (12. Bd2 $15) 12... Nb3 $17 13. Ra2 Be6 14. Rd1 Rc8 15. Bd2 Ne8 16. h3 f6 17. Ng4 a5 18. Be1 Bxc3 19. Bxc3 Nd6 20. Ra3 Qb6 21. Nh2 Kh8 22. Qe2 Qc6 23. Nf1 b5 24. axb5 Nxb5 25. Ra2 a4 26. Nd2 (26. e4 $11) 26... Rfe8 27. Nb1 Bf5 $36 {[%mdl 2048] Keeping White busy.} 28. Na3 $2 (28. Qf1 $17 {is a better defense.}) 28... Bd3 $1 $19 {[%cal Rd3e2]} 29. Qe1 {[#]} N5xd4 $1 {[%mdl 512]} 30. Bh5 (30. Bxd4 $142 Nxd4 {[%mdl 64] Pin} 31. Bg4) 30... Re5 31. Bg4 $2 {[#]} (31. Bxd4 {was necessary.} Rxh5 32. Nb1) 31... f5 $1 {[%cal Rf5g4]} 32. Bxd4 Nxd4 {[%mdl 64] Pin} 33. Qc3 fxg4 34. exd4 Re2 35. hxg4 Qf6 36. Rf1 Rf8 {[%cal Re2f2]} 37. Raa1 Rxf2 {Black mates.} 38. Rxf2 Qxf2+ 39. Kh2 Rf6 {Accuracy: White = 31%, Black = 63%.} 0-1

[Event "RUS-chT Men Rapid 2019"]
[Site "Sochi"]
[Date "2019.10.19"]
[Round "9.12"]
[White "Khismatullin, Denis"]
[Black "Samusenko, Maksim"]
[Result "0-1"]
[WhiteElo "2611"]
[BlackElo "2445"]
[Annotator "ChessBase"]
[PlyCount "62"]
[EventDate "2019.10.18"]
[EventType "swiss"]
[EventCountry "RUS"]
[SourceTitle "playchess.com"]
[Source "ChessBase"]
[SourceQuality "1"]
[TimeControl "900+10"]

1. c4 {[%emt 0:00:00]} g6 {[%emt 0:00:00]} 2. d4 {[%emt 0:00:00]} Nf6 {[%emt 0:00:00]} 3. h4 {[%emt 0:00:05]} d6 {[%emt 0:00:30]} 4. Nc3 {[%emt 0:00:05]} Bg7 {[%emt 0:00:04]} 5. e4 {[%emt 0:00:02]} Nc6 {[%emt 0:01:13]} 6. Be2 {[%emt 0:02:41]} e5 {[%emt 0:01:51]} 7. d5 {[%emt 0:00:41]} Nd4 {[%emt 0:00:04]} 8. Nf3 {[%emt 0:00:04]} c5 {[%emt 0:01:27]} 9. dxc6 {[%emt 0:00:05]} Nxc6 {[%emt 0:00:43]} 10. Bg5 {[%emt 0:01:21]} h6 {[%emt 0:00:41]} 11. Bxf6 {[%emt 0:00:02]} Bxf6 {[%emt 0:00:10]} 12. h5 {[%emt 0:00:02]} Bg4 {[%emt 0:03:03]} 13. hxg6 {[%emt 0:01:02]} fxg6 {[%emt 0:00:03]} 14. Nxe5 {[%emt 0:01:38]} Bxe5 {[%emt 0:02:28]} 15. Bxg4 {[%emt 0:00:04]} h5 {[%emt 0:00:22]} 16. Bh3 {[%emt 0:00:51]} O-O {[%emt 0:00:25]} 17. Qd2 {[%emt 0:03:34]} Kg7 {[%emt 0:00:27]} 18. g3 {[%emt 0:00:55]} Nd4 {[%emt 0:02:40]} 19. O-O-O {[%emt 0:00:04]} Nf3 {[%emt 0:00:17]} 20. Qe3 {[%emt 0:00:03]} Bf6 {[%emt 0:00:41]} 21. Kb1 {[%emt 0:00:18]} Bg5 {[%emt 0:00:26]} 22. Qe2 {[%emt 0:01:02]} Qb6 {[%emt 0:00:21]} 23. Nd5 {[%emt 0:00:38]} Qc5 {[%emt 0:00:07]} 24. b4 {[%emt 0:01:42]} Qc6 {[%emt 0:00:17]} 25. Bg2 {[%emt 0:00:04]} Ne5 {[%emt 0:00:24]} 26. f4 {[%emt 0:00:04]} Qxc4 {[%emt 0:00:14]} 27. Rhe1 {[%emt 0:00:24]} Rac8 {[%emt 0:00:14]} 28. Qb2 {[%emt 0:00:24]} Kh7 {[%emt 0:00:09]} 29. Bf1 {[%emt 0:00:27]} Qc6 {[%emt 0:00:06]} 30. fxg5 {[%emt 0:00:07]} Qa4 {[%emt 0:00:15]} 31. Nf6+ {[%emt 0:00:18]} Kh8 {[%emt 0:00:07]} 0-1

[Event "RUS-chT Men Rapid 2019"]
[Site "Sochi"]
[Date "2019.10.19"]
[Round "9.13"]
[White "Pridorozhni, Aleksei"]
[Black "Nesterov, Arseniy"]
[Result "1-0"]
[WhiteElo "2599"]
[BlackElo "2484"]
[Annotator "ChessBase"]
[PlyCount "91"]
[EventDate "2019.10.18"]
[EventType "swiss"]
[EventCountry "RUS"]
[SourceTitle "playchess.com"]
[Source "ChessBase"]
[SourceQuality "1"]
[TimeControl "900+10"]

1. e4 {[%emt 0:00:00]} e5 {[%emt 0:00:00]} 2. Bc4 {[%emt 0:00:00]} Nf6 {[%emt 0:00:00]} 3. d3 {[%emt 0:00:00]} Nc6 {[%emt 0:00:09]} 4. Nc3 {[%emt 0:00:07]} Bc5 {[%emt 0:00:10]} 5. a3 {[%emt 0:01:03]} O-O {[%emt 0:00:14]} 6. Bg5 {[%emt 0:00:10]} h6 {[%emt 0:00:17]} 7. Bh4 {[%emt 0:00:05]} d6 {[%emt 0:00:28]} 8. Nf3 {[%emt 0:00:24]} g5 {[%emt 0:02:10]} 9. Bg3 {[%emt 0:00:25]} Nh5 {[%emt 0:01:14]} 10. Nd2 {[%emt 0:01:01]} Nf4 {[%emt 0:00:21]} 11. Bxf4 {[%emt 0:00:04]} gxf4 {[%emt 0:00:04]} 12. Nd5 {[%emt 0:00:34]} Ne7 {[%emt 0:01:59]} 13. g3 {[%emt 0:01:56]} Nxd5 {[%emt 0:00:04]} 14. Bxd5 {[%emt 0:00:02]} c6 {[%emt 0:00:25]} 15. Bb3 {[%emt 0:00:11]} Qf6 {[%emt 0:00:29]} 16. Qf3 {[%emt 0:00:06]} Kh7 {[%emt 0:00:22]} 17. gxf4 {[%emt 0:00:11]} Qxf4 {[%emt 0:02:15]} 18. Qxf4 {[%emt 0:00:03]} exf4 {[%emt 0:00:01]} 19. c3 {[%emt 0:00:02]} Bb6 {[%emt 0:01:13]} 20. d4 {[%emt 0:00:29]} c5 {[%emt 0:01:40]} 21. d5 {[%emt 0:00:03]} f5 {[%emt 0:00:27]} 22. Bc2 {[%emt 0:00:02]} fxe4 {[%emt 0:00:11]} 23. Bxe4+ {[%emt 0:00:02]} Bf5 {[%emt 0:01:00]} 24. f3 {[%emt 0:00:16]} c4 {[%emt 0:01:50]} 25. Nxc4 {[%emt 0:00:18]} Bxe4 {[%emt 0:00:01]} 26. fxe4 {[%emt 0:00:02]} Rae8 {[%emt 0:00:31]} 27. Nxd6 {[%emt 0:00:15]} Re7 {[%emt 0:00:07]} 28. O-O-O {[%emt 0:01:07]} Bc5 {[%emt 0:00:14]} 29. e5 {[%emt 0:00:14]} f3 {[%emt 0:00:21]} 30. b4 {[%emt 0:00:02]} Be3+ {[%emt 0:01:16]} 31. Kc2 {[%emt 0:00:01]} Rxe5 {[%emt 0:00:06]} 32. Nxb7 {[%emt 0:00:59]} Bb6 {[%emt 0:00:11]} 33. c4 {[%emt 0:00:07]} Re7 {[%emt 0:00:23]} 34. Nd6 {[%emt 0:00:09]} Bc7 {[%emt 0:00:01]} 35. Nb5 {[%emt 0:00:14]} Re2+ {[%emt 0:00:02]} 36. Kb3 {[%emt 0:00:16]} Bxh2 {[%emt 0:00:05]} 37. d6 {[%emt 0:00:02]} Bf4 {[%emt 0:00:31]} 38. d7 {[%emt 0:00:11]} Bg5 {[%emt 0:00:09]} 39. c5 {[%emt 0:00:47]} a6 {[%emt 0:00:10]} 40. Nd4 {[%emt 0:00:04]} Re3+ {[%emt 0:00:00]} 41. Kc4 {[%emt 0:00:01]} f2 {[%emt 0:00:10]} 42. Rhf1 {[%emt 0:00:19]} Bh4 {[%emt 0:00:18]} 43. c6 {[%emt 0:00:03]} Bg3 {[%emt 0:00:00]} 44. a4 {[%emt 0:00:29]} Re1 {[%emt 0:00:15]} 45. Rdxe1 {[%emt 0:00:09]} fxe1=Q {[%emt 0:00:03]} 46. Rxe1 {[%emt 0:00:01]} 1-0

[Event "RUS-chT Men Rapid 2019"]
[Site "Sochi"]
[Date "2019.10.19"]
[Round "9.14"]
[White "Shubin, Kirill"]
[Black "Potapov, Pavel"]
[Result "1/2-1/2"]
[WhiteElo "2416"]
[BlackElo "2489"]
[Annotator "ChessBase"]
[PlyCount "66"]
[EventDate "2019.10.18"]
[EventType "swiss"]
[EventCountry "RUS"]
[SourceTitle "playchess.com"]
[Source "ChessBase"]
[SourceQuality "1"]
[TimeControl "900+10"]

1. e4 {[%emt 0:00:00]} c5 {[%emt 0:00:00]} 2. Nf3 {[%emt 0:00:00]} Nc6 {[%emt 0:00:00]} 3. Bb5 {[%emt 0:00:00]} g6 {[%emt 0:00:00]} 4. Bxc6 bxc6 {[%emt 0:00:00]} 5. d4 {[%emt 0:00:00]} Bg7 {[%emt 0:00:13]} 6. dxc5 {[%emt 0:00:00]} Qa5+ {[%emt 0:00:11]} 7. c3 {[%emt 0:00:58]} Qxc5 {[%emt 0:00:03]} 8. O-O {[%emt 0:00:05]} d6 {[%emt 0:00:05]} 9. Nbd2 {[%emt 0:00:23]} Nf6 {[%emt 0:00:07]} 10. h3 {[%emt 0:00:38]} O-O {[%emt 0:00:03]} 11. Re1 {[%emt 0:00:06]} Rd8 {[%emt 0:01:04]} 12. Nb3 {[%emt 0:00:10]} Qb6 {[%emt 0:00:02]} 13. Be3 {[%emt 0:00:13]} Qc7 {[%emt 0:00:02]} 14. Qc2 {[%emt 0:00:07]} Bb7 {[%emt 0:00:40]} 15. Rad1 {[%emt 0:00:37]} c5 {[%emt 0:00:16]} 16. Bf4 {[%emt 0:00:32]} Qb6 {[%emt 0:00:57]} 17. Nbd2 {[%emt 0:00:19]} h6 {[%emt 0:01:00]} 18. c4 {[%emt 0:01:08]} Bc6 {[%emt 0:00:29]} 19. e5 {[%emt 0:00:31]} Ne8 {[%emt 0:02:37]} 20. b3 {[%emt 0:01:26]} e6 {[%emt 0:02:48]} 21. Ne4 {[%emt 0:02:36]} Bxe4 {[%emt 0:01:37]} 22. Qxe4 {[%emt 0:00:06]} Rac8 {[%emt 0:00:04]} 23. Qe3 {[%emt 0:02:01]} Kh7 {[%emt 0:02:26]} 24. exd6 {[%emt 0:00:18]} Nxd6 {[%emt 0:00:04]} 25. Be5 {[%emt 0:00:26]} Nf5 {[%emt 0:00:21]} 26. Qf4 {[%emt 0:00:53]} Rxd1 {[%emt 0:01:17]} 27. Rxd1 {[%emt 0:00:01]} f6 {[%emt 0:00:02]} 28. Bc3 {[%emt 0:00:26]} e5 {[%emt 0:00:03]} 29. Qe4 {[%emt 0:00:08]} Rd8 {[%emt 0:00:33]} 30. Rxd8 {[%emt 0:00:08]} Qxd8 {[%emt 0:00:01]} 31. g4 {[%emt 0:00:23]} Qd1+ {[%emt 0:00:39]} 32. Kg2 {[%emt 0:00:07]} Nd6 {[%emt 0:00:27]} 33. Qe3 {[%emt 0:00:25]} Qc2 {[%emt 0:00:26]} 1/2-1/2

[Event "RUS-chT Men Rapid 2019"]
[Site "Sochi"]
[Date "2019.10.19"]
[Round "9.15"]
[White "Belyakov, Bogdan"]
[Black "Dudin, Gleb"]
[Result "1-0"]
[WhiteElo "2495"]
[BlackElo "2314"]
[Annotator "ChessBase"]
[PlyCount "83"]
[EventDate "2019.10.18"]
[EventType "swiss"]
[EventCountry "RUS"]
[SourceTitle "playchess.com"]
[Source "ChessBase"]
[SourceQuality "1"]
[TimeControl "900+10"]

1. e4 g6 2. d4 Bg7 3. Nc3 d6 4. Nf3 a6 5. a4 Bg4 6. Be2 Nc6 7. Be3 e5 8. dxe5 Bxf3 9. Bxf3 Nxe5 10. Be2 Ne7 11. O-O O-O 12. f4 {[%emt 0:02:49]} Nd7 {[%emt 0:05:41]} 13. Bd4 {[%emt 0:00:22]} Nc6 {[%emt 0:02:04]} 14. Bxg7 {[%emt 0:00:03]} Kxg7 {[%emt 0:00:02]} 15. Qd2 {[%emt 0:00:44]} Nf6 {[%emt 0:01:11]} 16. Rad1 {[%emt 0:00:16]} Re8 {[%emt 0:01:41]} 17. Bf3 {[%emt 0:00:02]} Qb8 {[%emt 0:00:24]} 18. g4 {[%emt 0:00:48]} Qa7+ {[%emt 0:00:19]} 19. Kg2 {[%emt 0:00:04]} Qc5 {[%emt 0:00:51]} 20. g5 {[%emt 0:00:22]} Ng8 {[%emt 0:01:35]} 21. Nd5 {[%emt 0:00:11]} Nce7 {[%emt 0:00:03]} 22. b4 {[%emt 0:01:13]} Qc4 {[%emt 0:00:19]} 23. Ne3 {[%emt 0:00:18]} Qe6 {[%emt 0:00:02]} 24. Qc3+ {[%emt 0:01:46]} f6 {[%emt 0:00:18]} 25. Qxc7 {[%emt 0:00:46]} Rac8 {[%emt 0:00:21]} 26. Qxd6 {[%emt 0:00:12]} Qxd6 {[%emt 0:00:24]} 27. Rxd6 {[%emt 0:00:02]} fxg5 {[%emt 0:00:02]} 28. fxg5 {[%emt 0:00:06]} Rc3 {[%emt 0:00:06]} 29. Rd3 {[%emt 0:00:43]} Rec8 {[%emt 0:00:05]} 30. Rfd1 {[%emt 0:00:11]} h6 {[%emt 0:00:30]} 31. gxh6+ {[%emt 0:00:52]} Nxh6 {[%emt 0:00:03]} 32. Kf2 {[%emt 0:00:17]} Nf7 {[%emt 0:00:08]} 33. Rxc3 {[%emt 0:00:09]} Rxc3 {[%emt 0:00:02]} 34. Rd7 {[%emt 0:00:04]} Nc6 {[%emt 0:00:10]} 35. Rxb7 {[%emt 0:00:08]} Nd4 {[%emt 0:00:08]} 36. Bd1 {[%emt 0:01:11]} Kf8 {[%emt 0:00:17]} 37. Rb6 {[%emt 0:00:29]} Ng5 {[%emt 0:00:04]} 38. Nd5 {[%emt 0:01:50]} Nxe4+ {[%emt 0:00:12]} 39. Kg2 {[%emt 0:00:06]} Ra3 {[%emt 0:00:42]} 40. Rxg6 {[%emt 0:00:37]} Rxa4 {[%emt 0:00:15]} 41. Rg4 {[%emt 0:00:19]} Ra1 {[%emt 0:00:03]} 42. Ne3 {[%emt 0:00:23]} 1-0

[Event "RUS-chT Men Rapid 2019"]
[Site "Sochi"]
[Date "2019.10.19"]
[Round "9.16"]
[White "Yeritsyan, Aram"]
[Black "Savitskiy, Sergey"]
[Result "1/2-1/2"]
[WhiteElo "2271"]
[BlackElo "2407"]
[Annotator "NA"]
[PlyCount "88"]
[EventDate "2019.10.18"]
[EventType "swiss"]
[EventCountry "RUS"]
[SourceTitle "playchess.com"]
[Source "ChessBase"]
[SourceQuality "1"]
[TimeControl "900+10"]

1. e4 {[%emt 0:00:00]} c5 {[%emt 0:00:00]} 2. Nf3 {[%emt 0:00:00]} d6 {[%emt 0:00:00]} 3. d4 {[%emt 0:00:00]} cxd4 {[%emt 0:00:00]} 4. Nxd4 {[%emt 0:00:00]} Nf6 {[%emt 0:00:00]} 5. f3 {[%emt 0:00:00]} Nc6 {[%emt 0:00:50]} 6. c4 {[%emt 0:00:07]} Nxd4 7. Qxd4 {[%emt 0:00:04]} g6 {[%emt 0:00:14]} 8. Be3 {[%emt 0:00:17]} Bg7 {[%emt 0:00:02]} 9. Nc3 {[%emt 0:00:04]} O-O {[%emt 0:00:02]} 10. Qd2 {[%emt 0:00:08]} Be6 {[%emt 0:00:08]} 11. Be2 {[%emt 0:00:28]} Qa5 {[%emt 0:00:29]} 12. Rc1 {[%emt 0:02:24]} Rfc8 {[%emt 0:00:07]} 13. Nd5 {[%emt 0:00:03]} Qxd2+ {[%emt 0:00:50]} 14. Kxd2 {[%emt 0:00:05]} Nxd5 {[%emt 0:00:45]} 15. cxd5 {[%emt 0:02:20]} Bd7 {[%emt 0:00:19]} 16. b3 {[%emt 0:00:57]} Bb2 {[%emt 0:01:46]} 17. Rxc8+ {[%emt 0:00:33]} Rxc8 {[%emt 0:00:02]} 18. Rb1 {[%emt 0:00:02]} Bc3+ {[%emt 0:01:14]} 19. Kd1 {[%emt 0:00:02]} Be5 {[%emt 0:00:14]} 20. f4 {[%emt 0:01:23]} Bg7 {[%emt 0:00:24]} 21. Rc1 {[%emt 0:00:06]} Rxc1+ {[%emt 0:00:13]} 22. Kxc1 {[%emt 0:00:01]} a6 {[%emt 0:00:01]} 23. g4 {[%emt 0:00:50]} e6 24. dxe6 {[%emt 0:02:28]} fxe6 {[%emt 0:02:19]} 25. Kd2 {[%emt 0:00:13]} Kf7 {[%emt 0:01:11]} 26. a4 {[%emt 0:01:39]} Bc6 {[%emt 0:00:16]} 27. Kd3 {[%emt 0:00:44]} Bh6 {[%emt 0:01:28]} 28. h4 {[%emt 0:02:55]} e5 {[%emt 0:02:56]} 29. g5 {[%emt 0:00:02]} exf4 {[%emt 0:00:01]} 30. gxh6 {[%emt 0:00:44]} fxe3 {[%emt 0:00:14]} 31. Kxe3 {[%emt 0:00:01]} Bd7 {[%emt 0:00:41]} 32. Kf4 {[%emt 0:00:16]} a5 {[%emt 0:00:41]} 33. e5 {[%emt 0:00:29]} Ke7 {[%emt 0:00:27]} 34. h5 {[%emt 0:00:44]} dxe5+ {[%emt 0:01:14]} 35. Kxe5 {[%emt 0:00:02]} gxh5 {[%emt 0:00:01]} 36. Bxh5 {[%emt 0:00:03]} b5 {[%emt 0:01:06]} 37. axb5 {[%emt 0:00:13]} Bxb5 {[%emt 0:00:01]} 38. Bg6 {[%emt 0:00:03]} a4 {[%emt 0:00:15]} 39. Bxh7 {[%emt 0:00:43]} Kf7 {[%emt 0:00:42]} 40. b4 {[%emt 0:00:10]} a3 {[%emt 0:00:10]} 41. Bb1 {[%emt 0:00:01]} Bc4 {[%emt 0:00:10]} 42. Kd6 {[%emt 0:00:22]} a2 {[%emt 0:00:07]} 43. Bxa2 {[%emt 0:00:01]} Bxa2 {[%emt 0:00:01]} 44. b5 {[%emt 0:00:01]} Bc4 {[%emt 0:00:04]} 1/2-1/2